000 00416nam a2200169Ia 4500
008 230524s9999 xx 000 0 und d
020 _a8185095353
082 _a621.38
_bCHA
100 _aRajeswari Chatterjee
245 0 _aElements of Microwave Engineering
250 _a1ST
260 _aNEW DELHI
_bEWP
_c2003
300 _aXIII;1125
500 _aQuantity Number: 5
650 _aElectronics
942 _cBK
999 _c37116
_d37116